The Old Testament pseudepigrapha / (Record no. 2744)
[ view plain ]
| 000 -LEADER | |
|---|---|
| fixed length control field | 00797cam a2200241 i 4500 |
| 001 - CONTROL NUMBER | |
| control field | 4188876 |
| 005 - DATE AND TIME OF LATEST TRANSACTION | |
| control field | 20250121122246.0 |
| 008 - FIXED-LENGTH DATA ELEMENTS--GENERAL INFORMATION | |
| fixed length control field | 800923m19831985nyu b 001 0 eng |
| 020 ## - INTERNATIONAL STANDARD BOOK NUMBER | |
| International Standard Book Number | 0385096305 (v. 1) |
| 020 ## - INTERNATIONAL STANDARD BOOK NUMBER | |
| International Standard Book Number | 0385188137 (v. 2) |
| 041 1# - LANGUAGE CODE | |
| Language code of text/sound track or separate title | engmul |
| 050 00 - LIBRARY OF CONGRESS CALL NUMBER | |
| Classification number | BS1692 |
| Item number | 1983 |
| 082 00 - DEWEY DECIMAL CLASSIFICATION NUMBER | |
| Classification number | 229 |
| Edition information | 19 |
| 245 04 - TITLE STATEMENT | |
| Title | The Old Testament pseudepigrapha / |
| Statement of responsibility, etc. | edited by James H. Charlesworth. |
| 250 ## - EDITION STATEMENT | |
| Edition statement | 1st ed. |
| 260 ## - PUBLICATION, DISTRIBUTION, ETC. | |
| Place of publication, distribution, etc. | Garden City, N.Y. : |
| Name of publisher, distributor, etc. | Doubleday, |
| Date of publication, distribution, etc. | 1983-1985. |
| 300 ## - PHYSICAL DESCRIPTION | |
| Extent | 2 v. ; |
| Dimensions | 24 cm. |
| 650 #0 - SUBJECT ADDED ENTRY--TOPICAL TERM | |
| Topical term or geographic name entry element | Apocryphal books (Old Testament) |
| 650 #0 - SUBJECT ADDED ENTRY--TOPICAL TERM | |
| Topical term or geographic name entry element | Apocryphal books (Old Testament) |
| General subdivision | Criticism, interpretation, etc. |
| 700 1# - ADDED ENTRY--PERSONAL NAME | |
| Personal name | Charlesworth, James H. |
| 856 42 - ELECTRONIC LOCATION AND ACCESS | |
| Materials specified | Publisher description |
| Uniform Resource Identifier | <a href="http://www.loc.gov/catdir/description/random042/80002443.html">http://www.loc.gov/catdir/description/random042/80002443.html</a> |
| 942 ## - ADDED ENTRY ELEMENTS (KOHA) | |
| Source of classification or shelving scheme | Library of Congress Classification |
| Koha item type | Books |
| Suppress in OPAC | No |
| 999 ## - | |
| -- | 2744 |
| -- | 2744 |
| Withdrawn status | Lost status | Source of classification or shelving scheme | Damaged status | Not for loan | Collection | Home library | Current library | Shelving location | Date acquired | Total checkouts | Full call number | Barcode | Date last seen | Copy number | Price effective from | Koha item type |
|---|---|---|---|---|---|---|---|---|---|---|---|---|---|---|---|---|
| Library of Congress Classification | Non-fiction | Graduate Library (Christ Temple) | Graduate Library (Christ Temple) | Reference | 01/21/2025 | REF 1830 A3 OLD | GSCT00000286 | 01/21/2025 | 1 | 01/21/2025 | Books |